000 00413 a2200133 4500
001 92201
082 _aPR 2472
090 _c44160
_d44159
100 _aBaber Ali; Prof Nadir Munir and sohail Ahmed (Advisors)
245 _aModeling of Fixed wing UAV for Fightgear and Designing its Autopilot in MATLAB Simulink
_n77 "A" EC
260 _aIslamabad
_bNUST
_c2014
300 _av,63p.
500 _aBE Project Report
942 _aCAE NUST
_kPR 2472
999 _c327274
_d327274